00363 a2200133 4500000002500000100002200025110002200047245002800069250002000097260004300117264004300160942000700203999001900210 nam a22 7a 4500 aDevagi, Sanmugam  aDevagi, Sanmugam  aIndian Heritage Cooking aLatest edition  bMarshall Cavendish Internationalc2021 bMarshall Cavendish Internationalc2021 cBK c395643d395643